[Event "Coupe Jean-Claude Loubatiere"]
[Site "Saint Quentin"]
[Date "2019.06.29"]
[Round "2.4"]
[White "Kopibida, Remi"]
[Black "Piassale, Mael"]
[Result "0-1"]
[WhiteElo "1645"]
[BlackElo "1514"]
[PlyCount "84"]
[EventDate "2019.06.29"]
[EventType "team-match"]
[EventRounds "5"]
[EventCountry "FRA"]
[SourceTitle "EXT 2020"]
[Source "ChessBase"]
[SourceDate "2019.10.17"]
[SourceVersion "1"]
[SourceVersionDate "2019.10.17"]
[SourceQuality "1"]

1. d4 d5 2. Nf3 Nf6 3. c4 e6 4. Nc3 Bb4 5. Bg5 Nbd7 6. e3 c5 7. Bd3 Bxc3+ 8. bxc3 Qa5 9. 0-0 0-0 10. Qc2 b6 11. cxd5 exd5 12. c4 h6 13. Bf4 Bb7 14. dxc5 Nxc5 15. cxd5 Nxd3 16. Qxd3 Ba6 17. Qb3 Bxf1 18. Rxf1 Qxd5 19. Qb2 Rac8 20. Be5 Rc6 21. Bd4 Rfc8 22. Ne5 Rc2 23. Qb3 Qxb3 24. axb3 Rc1 25. Nc4 Rxf1+ 26. Kxf1 Kf8 27. Bxf6 gxf6 28. Ke2 Ke7 29. f4 Rd8 30. f5 Rd5 31. g4 Rb5 32. Nd2 Kd6 33. Kd3 Ke5 34. Nc4+ Kd5 35. e4+ Kc5 36. Kc3 a5 37. Nd2 Rb4 38. h4 a4 39. bxa4 Rxa4 40. Nb3+ Kd6 41. Kd3 Ra3 42. Kc4 Rxb3 0-1

[Event "Agneaux St Lo op 18th"]
[Site "Agneaux"]
[Date "2017.07.11"]
[Round "5.1"]
[White "Damen, Jip"]
[Black "Piassale, Mael"]
[Result "1-0"]
[WhiteElo "1986"]
[BlackElo "1393"]
[PlyCount "107"]
[EventDate "2017.07.08"]
[EventType "swiss"]
[EventRounds "9"]
[EventCountry "FRA"]
[SourceTitle "EXT 2020"]
[Source "ChessBase"]
[SourceDate "2019.10.17"]
[SourceVersion "1"]
[SourceVersionDate "2019.10.17"]
[SourceQuality "1"]

1. Nf3 d5 2. g3 Nf6 3. Bg2 c5 4. 0-0 Nc6 5. d4 e6 6. c3 Be7 7. h3 0-0 8. Re1 b6 9. Bf4 Bb7 10. Nbd2 Rc8 11. g4 Bd6 12. Bg5 h6 13. Be3 e5 14. dxe5 Nxe5 15. Nxe5 Bxe5 16. Nf3 Bd6 17. g5 hxg5 18. Bxg5 Be7 19. Qa4 Ne4 20. Bxe7 Qxe7 21. Rad1 Rfd8 22. Nd2 d4 23. Nxe4 Bxe4 24. Bxe4 Qxe4 25. Rd3 Rd6 26. Rg3 Rcc6 27. Qxa7 d3 28. Qb8+ Kh7 29. Qf8 Rg6 30. Qxf7 Rcf6 31. Qd7 Qf4 32. Kh1 Qxf2 33. Rgg1 dxe2 34. Qd3 Qf3+ 35. Qxf3 Rxf3 36. Rxg6 Kxg6 37. Rxe2 Rxh3+ 38. Kg2 Rd3 39. Re6+ Kf5 40. Rxb6 c4 41. a4 Rd5 42. Rb7 Kf6 43. Kf3 Rc5 44. Ke4 g6 45. Rb6+ Kg5 46. Rb5 Rxb5 47. axb5 Kf6 48. b6 g5 49. b7 Ke6 50. b8Q Kd7 51. Kd5 g4 52. Qb7+ Ke8 53. Ke6 Kf8 54. Qf7# 1-0